00241nam a2200109Ia 4500008004100000041000800041082001800049100001500067245002300082260001900105365000700124230303s9999 xx 000 0 und d aeng a621.38'10 SEN aSEN (P.C.) aPower Electronics. aNEW DELHIbTMH cRS